Normal view
MARC view
Entry Personal Name
001 - CONTROL NUMBER
- control field: 41829
003 - CONTROL NUMBER IDENTIFIER
- control field: dpl
005 - DATE AND TIME OF LATEST TRANSACTION
- control field: 20120213165147.0
008 - FIXED-LENGTH DATA ELEMENTS
- fixed length control field: 120213|||a|||||| | ||| d
040 ## - CATALOGING SOURCE
- Original cataloging agency: dpl
- Transcribing agency: dpl
100 ## - HEADING--PERSONAL NAME
- Personal name: Mehrotra, Deepti Priya
670 ## - SOURCE DATA FOUND
- Source citation: Work cat.: (dpl)61320: Mehrotra, Deepti Priya, Gulab Bai :, 2006
670 ## - SOURCE DATA FOUND
- Source citation: Work cat.: (dpl)61320: Mehrotra, Deepti Priya, Gulab Bai :, 2006
